Statistiques concernant Le plus grand en Asie

Cliquez ici pour prendre le quiz!

Statistiques générales

  • Ce quiz a été pris 71 fois
  • Le résultat moyen est 48 sur 60

Statistiques - réponses

Kkkkk % Correct
PaysChine
100%
PaysInde
100%
Pays visitéJapon
98%
PaysArabie saoudite
97%
PaysKazakhstan
95%
PaysIndonesie
95%
CapitaleTokyo
95%
CapitalePékin
90%
PIB/capitaEmirats arabes unis
89%
Villes visitéSingapour
89%
PIB/capitaQatar
87%
Pays visitéCorée du Sud
87%
PopulationBangladesh
85%
PopulationPakistan
82%
JetpunkIran
82%
DensémentBahrein
82%
Pays visitéThailande
79%
JetpunkTurquie
79%
CapitaleSeoul
77%
Villes visitéBangkok
76%
DensémentTaiwan
76%
PIB/capitaBrunei
74%
HeureuxIsrael
74%
Pays visitéMalaisie
74%
PIB/capitaKoweït
73%
CapitaleDelhi
71%
Non-CapitaleShanghai
68%
Non-CapitaleMumbai
68%
CapitaleManille
60%
Non-CapitaleCanton
58%
CherOsaka
55%
DensémentMaldives
52%
Villes visitéHong Kong
48%
Non-CapitaleKarachi
47%
Villes visitéKuala Lumpur
42%
Non-CapitaleChongqing
8%

Distribution des résultats

Percentile par nombre de réponses

% des personnes avec chaque résultat

Votre développement - résultats

Vous n’avez pas pris ce quiz